Pâques et les fêtes mobiles - Statistiques

Statistiques générales
  • Ce quiz a été pris 90 fois
  • Le résultat moyen est 5 sur 8
Statistiques - réponses
Hint Réponse % Correct
Lundi de Pâques 1 jour après
93%
Vendredi Saint 2 jours avant
71%
Jeudi Saint 3 jours avant
68%
Ascension 39 jours après
62%
Rameaux 7 jours avant
62%
Pentecôte 49 jours après
56%
Mercredi des Cendres 46 jours avant
49%
Mardi-gras 47 jours avant
43%
Aucun quiz correspondant
Distribution des résultats
% des personnes avec chaque résultat
Percentile par nombre de réponses
Votre historique - résultats
Vous n’avez pas pris ce quiz